[Event "European Chess Club Cup 2023"]
[Site "Durres, Albania"]
[Date "2023.10.06"]
[Round "6.36"]
[White "Sebenik, Matej"]
[Black "Lukovic, Vladimir"]
[Result "1/2-1/2"]
[TimeControl "90' + 30' & 30\""]
[WhiteElo "2523"]
[BlackElo "2437"]

1. c4 {[%clk 01:30:45]} {[%emt 00:00:15]} c6 {[%clk 01:30:37]} {[%emt
00:00:24]} 2. Nf3 {[%clk 01:30:57]} {[%emt 00:00:17]} d5 {[%clk 01:30:43]}
{[%emt 00:00:24]} 3. g3 {[%clk 01:31:15]} {[%emt 00:00:13]} g6 {[%clk
01:30:33]} {[%emt 00:00:40]} 4. Bg2 {[%clk 01:31:34]} {[%emt 00:00:11]} Bg7
{[%clk 01:30:40]} {[%emt 00:00:22]} 5. O-O {[%clk 01:31:32]} {[%emt 00:00:32]}
Nf6 {[%clk 01:29:04]} {[%emt 00:02:06]} 6. b3 {[%clk 01:29:31]} {[%emt
00:02:32]} O-O {[%clk 01:28:11]} {[%emt 00:01:22]} 7. Bb2 {[%clk 01:29:55]}
{[%emt 00:00:06]} Bg4 {[%clk 01:28:24]} {[%emt 00:00:17]} 8. d4 {[%clk
01:28:21]} {[%emt 00:02:05]} Qc8 {[%clk 01:28:29]} {[%emt 00:00:25]} 9. Nbd2
{[%clk 01:25:18]} {[%emt 00:03:32]} Bh3 {[%clk 01:26:57]} {[%emt 00:02:03]} 10.
a4 {[%clk 01:17:25]} {[%emt 00:08:23]} Bxg2 {[%clk 01:15:24]} {[%emt 00:12:04]}
11. Kxg2 {[%clk 01:16:32]} {[%emt 00:01:22]} Ne4 {[%clk 01:12:53]} {[%emt
00:03:00]} 12. Rc1 {[%clk 00:35:11]} {[%emt 00:41:52]} e6 {[%clk 01:06:43]}
{[%emt 00:06:40]} 13. b4 {[%clk 00:29:20]} {[%emt 00:06:20]} Nxd2 {[%clk
00:53:11]} {[%emt 00:14:03]} 14. Nxd2 {[%clk 00:29:46]} {[%emt 00:00:06]} Qd7
{[%clk 00:51:29]} {[%emt 00:02:10]} 15. e4 {[%clk 00:26:08]} {[%emt 00:04:08]}
b5 {[%clk 00:48:10]} {[%emt 00:03:49]} 16. axb5 {[%clk 00:21:13]} {[%emt
00:05:25]} cxb5 {[%clk 00:48:33]} {[%emt 00:00:06]} 17. cxd5 {[%clk 00:21:36]}
{[%emt 00:00:08]} exd5 {[%clk 00:48:54]} {[%emt 00:00:09]} 18. e5 {[%clk
00:12:54]} {[%emt 00:09:12]} Nc6 {[%clk 00:46:41]} {[%emt 00:02:43]} 19. Nb3
{[%clk 00:13:21]} {[%emt 00:00:02]} Rfc8 {[%clk 00:29:37]} {[%emt 00:17:34]} 20.
Nc5 {[%clk 00:13:45]} {[%emt 00:00:07]} Qf5 {[%clk 00:29:44]} {[%emt 00:00:23]}
21. g4 {[%clk 00:05:39]} {[%emt 00:08:36]} Qg5 {[%clk 00:29:00]} {[%emt
00:01:14]} 22. f4 {[%clk 00:05:58]} {[%emt 00:00:10]} Qh4 {[%clk 00:28:30]}
{[%emt 00:01:00]} 23. Bc3 {[%emt 00:03:00]} a5 {[%clk 00:27:30]} 24. Be1 {[%clk
00:02:59]} {[%emt 00:02:30]} Qe7 {[%clk 00:27:50]} {[%emt 00:00:10]} 25. f5
{[%clk 00:01:19]} {[%emt 00:02:11]} f6 {[%clk 00:23:47]} {[%emt 00:04:32]} 26.
fxg6 {[%clk 00:01:03]} {[%emt 00:00:45]} fxe5 {[%clk 00:18:40]} {[%emt
00:05:37]} 27. dxe5 {[%clk 00:01:11]} {[%emt 00:00:23]} Nxe5 {[%clk 00:18:44]}
{[%emt 00:00:25]} 28. Qxd5+ {[%clk 00:01:38]} {[%emt 00:00:03]} Kh8 {[%clk
00:19:10]} {[%emt 00:00:05]} 29. Qe4 {[%clk 00:00:53]} {[%emt 00:01:15]} axb4
{[%clk 00:15:17]} {[%emt 00:04:22]} 30. Bxb4 {[%clk 00:01:18]} {[%emt
00:00:05]} Ra2+ {[%clk 00:14:52]} {[%emt 00:00:55]} 31. Kg3 {[%clk 00:00:48]}
{[%emt 00:01:01]} Re8 {[%clk 00:02:02]} {[%emt 00:13:20]} 32. Nb7 {[%clk
00:00:42]} {[%emt 00:00:36]} Qg5 {[%clk 00:01:04]} {[%emt 00:01:27]} 33. Nd6
{[%clk 00:01:08]} {[%emt 00:00:04]} Rd8 {[%clk 00:01:02]} {[%emt 00:00:32]} 34.
h4 {[%clk 00:01:01]} {[%emt 00:00:37]} Qxg6 {[%clk 00:01:07]} {[%emt 00:00:26]}
35. Qxg6 {[%clk 00:00:58]} {[%emt 00:00:33]} hxg6 {[%clk 00:01:36]} {[%emt
00:00:01]} 36. Rc7 {[%clk 00:00:34]} {[%emt 00:00:54]} Rb2 {[%clk 00:01:53]}
{[%emt 00:00:12]} 37. Bc5 {[%clk 00:00:32]} {[%emt 00:00:33]} Rc2 {[%clk
00:01:55]} {[%emt 00:00:28]} 38. Rd1 {[%clk 00:00:38]} {[%emt 00:00:24]} Rc3+
{[%clk 00:01:15]} {[%emt 00:01:10]} 39. Kf4 {[%clk 00:00:40]} {[%emt 00:00:29]}
Rf8+ {[%clk 00:00:46]} {[%emt 00:00:58]} 40. Ke4 {[%clk 00:01:07]} {[%emt
00:00:03]} Rg3 {[%clk 00:00:32]} {[%emt 00:00:44]} 41. g5 {[%clk 00:23:15]}
{[%emt 00:08:22]} Rg4+ {[%clk 00:24:36]} {[%emt 00:06:26]} 42. Kd5 {[%clk
00:23:35]} {[%emt 00:00:10]} Nc4 {[%clk 00:12:39]} {[%emt 00:12:27]} 43. Nf7+
{[%clk 00:03:47]} {[%emt 00:20:18]} Kg8 {[%clk 00:13:03]} {[%emt 00:00:06]} 44.
Rf1 {[%clk 00:01:42]} {[%emt 00:02:35]} Rxh4 {[%clk 00:12:27]} {[%emt
00:01:06]} 45. Bxf8 {[%clk 00:00:40]} {[%emt 00:01:32]} Ne3+ {[%clk 00:12:35]}
{[%emt 00:00:21]} 46. Kc6 {[%clk 00:00:45]} {[%emt 00:00:25]} Nxf1 {[%clk
00:10:22]} {[%emt 00:02:44]} 47. Bc5 {[%clk 00:00:56]} {[%emt 00:00:19]} b4
{[%clk 00:08:30]} {[%emt 00:02:21]} 48. Nd6 {[%clk 00:00:52]} {[%emt 00:00:34]}
Rf4 {[%clk 00:07:45]} {[%emt 00:01:16]} 49. Rb7 {[%clk 00:00:49]} {[%emt
00:00:33]} Bc3 {[%clk 00:07:05]} {[%emt 00:01:09]} 50. Rb8+ {[%clk 00:00:52]}
{[%emt 00:00:27]} Rf8 {[%clk 00:07:03]} {[%emt 00:00:32]} 51. Ne8 {[%clk
00:01:09]} {[%emt 00:00:13]} Rf4 {[%clk 00:05:19]} {[%emt 00:02:14]} 52. Nf6+
{[%clk 00:00:35]} {[%emt 00:01:05]} Kf7 {[%clk 00:05:30]} {[%emt 00:00:19]} 53.
Nd5 {[%clk 00:00:41]} {[%emt 00:00:24]} Rc4 {[%clk 00:03:32]} {[%emt 00:02:28]}
54. Rf8+ {[%clk 00:00:38]} {[%emt 00:00:33]} Kg7 {[%clk 00:03:29]} {[%emt
00:00:33]} 55. Rxf1 {[%clk 00:00:41]} {[%emt 00:00:27]} Bd4 {[%clk 00:03:52]}
{[%emt 00:00:07]} 56. Nxb4 {[%clk 00:00:34]} {[%emt 00:00:36]} Rxc5+ {[%clk
00:04:10]} {[%emt 00:00:13]} 57. Kd6 {[%clk 00:01:01]} {[%emt 00:00:04]} Rxg5
{[%clk 00:04:22]} {[%emt 00:00:17]} 58. Nd5 {[%clk 00:01:26]} {[%emt 00:00:04]}
Rg4 {[%emt 00:00:52]} 59. Nf4 {[%clk 00:01:29]} g5 {[%clk 00:04:09]} {[%emt
00:00:49]} 60. Ne6+ {[%clk 00:01:35]} {[%emt 00:00:23]} Kg6 {[%clk 00:04:26]}
{[%emt 00:00:13]} 61. Rf8 {[%clk 00:01:24]} {[%emt 00:00:41]} Bf6 {[%clk
00:04:31]} {[%emt 00:00:25]} 62. Rg8 {[%clk 00:00:49]} {[%emt 00:01:06]} Kf5
{[%clk 00:04:40]} {[%emt 00:00:20]} 63. Kd5 {[%clk 00:00:45]} {[%emt 00:00:35]}
Re4 {[%clk 00:04:22]} {[%emt 00:00:47]} 64. Nxg5 {[%clk 00:00:50]} {[%emt
00:00:26]} Re5+ {[%clk 00:04:47]} {[%emt 00:00:04]} 65. Kd6 {[%clk 00:01:00]}
{[%emt 00:00:20]} Be7+ {[%clk 00:05:11]} {[%emt 00:00:06]} 66. Kd7 {[%clk
00:01:25]} {[%emt 00:00:05]} Bxg5 {[%clk 00:05:37]} {[%emt 00:00:05]} 67. Re8
{[%clk 00:01:42]} {[%emt 00:00:12]} Ra5 {[%clk 00:05:24]} {[%emt 00:00:42]} 68.
Kc6 {[%clk 00:02:06]} {[%emt 00:00:08]} Ra1 {[%clk 00:05:33]} {[%emt 00:00:21]}
69. Re2 {[%clk 00:02:14]} {[%emt 00:00:21]} Bf4 {[%clk 00:05:37]} {[%emt
00:00:26]} 70. Kd5 {[%clk 00:02:34]} {[%emt 00:00:10]} Rd1+ {[%clk 00:05:51]}
{[%emt 00:00:17]} 71. Kc4 {[%clk 00:03:01]} {[%emt 00:00:02]} Be5 {[%clk
00:05:28]} {[%emt 00:00:54]} 72. Rf2+ {[%clk 00:03:27]} {[%emt 00:00:05]} Ke6
{[%clk 00:05:53]} {[%emt 00:00:04]} 73. Re2 {[%clk 00:03:49]} {[%emt 00:00:08]}
Rc1+ {[%clk 00:05:53]} {[%emt 00:00:29]} 74. Kd3 {[%clk 00:04:15]} {[%emt
00:00:05]} Kd5 {[%clk 00:06:06]} {[%emt 00:00:16]} 75. Rc2 {[%clk 00:04:25]}
{[%emt 00:00:20]} Rh1 {[%clk 00:06:21]} {[%emt 00:00:16]} 76. Rc8 {[%clk
00:04:03]} {[%emt 00:00:51]} Rh3+ {[%clk 00:06:37]} {[%emt 00:00:14]} 77. Ke2
{[%clk 00:04:30]} {[%emt 00:00:04]} Ke4 {[%clk 00:06:45]} {[%emt 00:00:22]} 78.
Re8 {[%clk 00:04:56]} {[%emt 00:00:04]} Rh2+ {[%clk 00:06:41]} {[%emt
00:00:34]} 79. Ke1 {[%clk 00:05:22]} {[%emt 00:00:04]} Kd4 {[%clk 00:06:47]}
{[%emt 00:00:24]} 80. Kf1 {[%clk 00:05:47]} {[%emt 00:00:04]} Rh5 {[%clk
00:06:25]} {[%emt 00:00:52]} 81. Ke2 {[%clk 00:06:11]} {[%emt 00:00:06]} Ke4
{[%clk 00:06:50]} {[%emt 00:00:05]} 82. Re7 {[%clk 00:06:39]} {[%emt 00:00:02]}
Rh2+ {[%clk 00:06:58]} {[%emt 00:00:22]} 83. Ke1 {[%clk 00:07:07]} {[%emt
00:00:03]} Rh8 {[%clk 00:07:23]} {[%emt 00:00:04]} 84. Ke2 {[%clk 00:07:09]}
{[%emt 00:00:28]} Ra8 {[%clk 00:07:27]} {[%emt 00:00:26]} 85. Ke1 {[%clk
00:07:08]} {[%emt 00:00:31]} Kd5 {[%clk 00:06:09]} {[%emt 00:01:47]} 86. Ke2
{[%clk 00:07:31]} {[%emt 00:00:08]} Ke4 {[%clk 00:05:02]} {[%emt 00:01:38]} 87.
Ke1 {[%clk 00:07:45]} {[%emt 00:00:16]} Kd4 {[%clk 00:04:19]} {[%emt 00:01:12]}
88. Ke2 {[%clk 00:07:52]} {[%emt 00:00:23]} Bd6 {[%clk 00:04:26]} {[%emt
00:00:23]} 89. Rd7 {[%clk 00:08:10]} {[%emt 00:00:13]} Ra2+ {[%clk 00:04:04]}
{[%emt 00:00:52]} 90. Kf3 {[%clk 00:08:35]} {[%emt 00:00:05]} Ke5 {[%clk
00:04:30]} {[%emt 00:00:04]} 91. Rd8 {[%clk 00:08:31]} {[%emt 00:00:34]} Bc5
{[%clk 00:04:43]} {[%emt 00:00:16]} 92. Re8+ {[%clk 00:08:43]} {[%emt
00:00:18]} Kd4 {[%clk 00:03:54]} {[%emt 00:01:19]} 93. Rd8+ {[%clk 00:09:06]}
{[%emt 00:00:07]} Kc4 {[%clk 00:04:21]} {[%emt 00:00:04]} 94. Rc8 {[%clk
00:09:08]} {[%emt 00:00:27]} Rf2+ {[%clk 00:04:43]} {[%emt 00:00:08]} 95. Ke4
{[%clk 00:09:16]} {[%emt 00:00:22]} Rf1 {[%clk 00:05:01]} {[%emt 00:00:12]} 96.
Rc7 {[%clk 00:09:25]} {[%emt 00:00:21]} Rf8 {[%clk 00:05:21]} {[%emt 00:00:09]}
97. Rc6 {[%clk 00:09:25]} {[%emt 00:00:32]} Re8 {[%clk 00:05:44]} {[%emt
00:00:06]} 98. Kf3 {[%clk 00:09:41]} {[%emt 00:00:14]} Kd4 {[%clk 00:05:26]}
{[%emt 00:00:48]} 99. Rc7 {[%clk 00:09:36]} {[%emt 00:00:36]} Re3+ {[%clk
00:05:50]} {[%emt 00:00:05]} 100. Kf2 {[%clk 00:09:35]} {[%emt 00:00:31]} Re6
{[%clk 00:06:05]} {[%emt 00:00:15]} 101. Kf3 {[%clk 00:09:48]} {[%emt
00:00:17]} Bd6 {[%clk 00:06:21]} {[%emt 00:00:14]} 102. Rf7 {[%clk 00:09:59]}
{[%emt 00:00:19]} Kd3 {[%clk 00:06:35]} {[%emt 00:00:16]} 103. Rf5 {[%clk
00:09:02]} {[%emt 00:01:27]} Be5 {[%clk 00:06:41]} {[%emt 00:00:24]} 104. Rf7
{[%clk 00:09:15]} {[%emt 00:00:18]} Bd4 {[%clk 00:07:07]} {[%emt 00:00:05]} 105.
Kf4 {[%clk 00:09:33]} {[%emt 00:00:11]} Re1 {[%clk 00:07:29]} {[%emt 00:00:07]}
106. Kf5 {[%clk 00:09:56]} {[%emt 00:00:07]} Re2 {[%clk 00:07:04]} {[%emt
00:00:55]} 107. Rh7 {[%clk 00:09:21]} {[%emt 00:01:05]} Rf2+ {[%clk 00:07:21]}
{[%emt 00:00:13]} 108. Ke6 {[%clk 00:09:44]} {[%emt 00:00:07]} Ra2 {[%clk
00:07:37]} {[%emt 00:00:13]} 109. Rh1 {[%clk 00:09:37]} {[%emt 00:00:38]}
1/2-1/2

[Event "European Chess Club Cup 2023"]
[Site "Durres, Albania"]
[Date "2023.10.06"]
[Round "6.37"]
[White "Sarana, Alexey"]
[Black "Kadric, Denis"]
[Result "1/2-1/2"]
[TimeControl "90' + 30' & 30\""]
[WhiteElo "2682"]
[BlackElo "2579"]

1. d4 {[%clk 01:30:57]} {[%emt 00:00:03]} Nf6 {[%clk 01:30:56]} {[%emt
00:00:05]} 2. c4 {[%clk 01:31:17]} {[%emt 00:00:09]} d6 {[%clk 01:31:23]}
{[%emt 00:00:04]} 3. Nc3 {[%clk 01:31:20]} {[%emt 00:00:26]} g6 {[%clk
01:31:50]} {[%emt 00:00:04]} 4. e4 {[%clk 01:31:35]} {[%emt 00:00:14]} Bg7
{[%clk 01:32:18]} {[%emt 00:00:03]} 5. Be2 {[%clk 01:31:19]} {[%emt 00:00:45]}
O-O {[%clk 01:32:42]} {[%emt 00:00:07]} 6. Be3 {[%clk 01:31:22]} {[%emt
00:00:26]} Na6 {[%clk 01:33:08]} {[%emt 00:00:05]} 7. Nf3 {[%clk 01:28:45]}
{[%emt 00:03:07]} e5 {[%clk 01:33:33]} {[%emt 00:00:06]} 8. O-O {[%clk
01:28:16]} {[%emt 00:00:58]} Qe7 {[%clk 01:33:58]} {[%emt 00:00:05]} 9. Nd5
{[%clk 01:27:40]} {[%emt 00:01:06]} Nxd5 {[%clk 01:24:36]} {[%emt 00:09:51]} 10.
cxd5 {[%clk 01:26:06]} {[%emt 00:02:04]} exd4 {[%clk 01:24:08]} {[%emt
00:00:58]} 11. Bxd4 {[%clk 01:26:06]} {[%emt 00:00:30]} Qxe4 {[%clk 01:23:30]}
{[%emt 00:01:08]} 12. Bxg7 {[%clk 01:25:50]} {[%emt 00:00:46]} Kxg7 {[%clk
01:23:55]} {[%emt 00:00:06]} 13. Rc1 {[%clk 01:26:05]} {[%emt 00:00:15]} Nc5
{[%clk 01:09:33]} {[%emt 00:14:53]} 14. Rc4 {[%clk 01:25:12]} {[%emt 00:01:22]}
Qe7 {[%clk 01:09:59]} {[%emt 00:00:04]} 15. b4 {[%clk 01:25:24]} {[%emt
00:00:17]} Nd7 {[%clk 01:08:47]} {[%emt 00:01:43]} 16. Rxc7 {[%clk 01:20:08]}
{[%emt 00:05:45]} Qf6 {[%clk 01:09:13]} {[%emt 00:00:05]} 17. Nd4 {[%clk
01:03:41]} {[%emt 00:16:57]} Kg8 {[%clk 00:57:03]} {[%emt 00:12:40]} 18. Qd2
{[%clk 01:03:17]} {[%emt 00:00:53]} Nb6 {[%clk 00:56:34]} {[%emt 00:01:00]} 19.
Bf3 {[%clk 00:59:16]} {[%emt 00:04:31]} Rb8 {[%clk 00:53:45]} {[%emt 00:03:19]}
20. a4 {[%clk 00:51:58]} {[%emt 00:07:47]} Nxa4 {[%clk 00:54:10]} {[%emt
00:00:05]} 21. Re1 {[%clk 00:52:20]} {[%emt 00:00:08]} Nb6 {[%clk 00:53:46]}
{[%emt 00:00:55]} 22. Ra1 {[%clk 00:39:12]} {[%emt 00:13:36]} a6 {[%clk
00:49:52]} {[%emt 00:04:25]} 23. b5 {[%clk 00:39:25]} {[%emt 00:00:18]} axb5
{[%clk 00:49:29]} {[%emt 00:00:53]} 24. Rb1 {[%clk 00:38:15]} {[%emt 00:01:39]}
Bd7 {[%clk 00:40:11]} {[%emt 00:09:49]} 25. Nxb5 {[%clk 00:37:45]} {[%emt
00:01:00]} Bxb5 {[%clk 00:37:24]} {[%emt 00:03:17]} 26. Rxb5 {[%clk 00:38:13]}
{[%emt 00:00:02]} Rfc8 {[%clk 00:37:34]} {[%emt 00:00:21]} 27. Rxc8+ {[%clk
00:36:28]} {[%emt 00:02:14]} Rxc8 {[%clk 00:35:45]} {[%emt 00:02:19]} 28. h3
{[%clk 00:36:07]} {[%emt 00:00:50]} Qa1+ {[%clk 00:24:45]} {[%emt 00:11:30]} 29.
Kh2 {[%clk 00:36:08]} {[%emt 00:00:29]} Nc4 {[%clk 00:25:13]} {[%emt 00:00:03]}
30. Qf4 {[%clk 00:33:07]} {[%emt 00:03:29]} Rc7 {[%clk 00:24:41]} {[%emt
00:01:04]} 31. Be2 {[%clk 00:30:48]} {[%emt 00:02:49]} Qe5 {[%clk 00:22:43]}
{[%emt 00:02:28]} 32. Qxe5 {[%clk 00:25:49]} {[%emt 00:05:29]} Nxe5 {[%clk
00:23:04]} {[%emt 00:00:09]} 33. Rb6 {[%clk 00:25:52]} {[%emt 00:00:27]} Rc2
{[%clk 00:23:30]} {[%emt 00:00:03]} 34. Bf3 {[%clk 00:26:13]} {[%emt 00:00:10]}
Nxf3+ {[%clk 00:09:16]} {[%emt 00:14:44]} 35. gxf3 {[%clk 00:26:04]} {[%emt
00:00:38]} Rxf2+ {[%clk 00:09:43]} {[%emt 00:00:04]} 36. Kg3 {[%clk 00:26:13]}
{[%emt 00:00:21]} Rd2 {[%clk 00:10:11]} {[%emt 00:00:02]} 37. Rxd6 {[%clk
00:26:35]} {[%emt 00:00:07]} Rb2 {[%clk 00:10:26]} {[%emt 00:00:16]} 38. Rd8+
{[%clk 00:24:08]} {[%emt 00:02:56]} Kg7 {[%clk 00:10:53]} {[%emt 00:00:04]} 39.
d6 {[%clk 00:24:17]} {[%emt 00:00:22]} Kf6 {[%clk 00:07:24]} {[%emt 00:03:58]}
40. Re8 {[%clk 00:24:11]} {[%emt 00:00:35]} Rd2 {[%clk 00:07:06]} {[%emt
00:00:48]} 41. Rb8 {[%clk 00:24:36]} {[%emt 00:00:05]} Rxd6 {[%clk 00:07:35]}
{[%emt 00:00:02]} 42. Rxb7 {[%clk 00:25:01]} {[%emt 00:00:05]} Rd4 {[%clk
00:07:52]} {[%emt 00:00:13]} 43. h4 {[%clk 00:25:18]} {[%emt 00:00:12]} Kg7
{[%clk 00:05:00]} {[%emt 00:03:22]} 44. Ra7 {[%clk 00:25:18]} {[%emt 00:00:30]}
Rd5 {[%clk 00:05:28]} {[%emt 00:00:03]} 45. Rb7 {[%clk 00:25:36]} {[%emt
00:00:12]} Rf5 {[%clk 00:05:55]} {[%emt 00:00:03]} 46. Ra7 {[%clk 00:25:57]}
{[%emt 00:00:09]} h5 {[%clk 00:06:04]} {[%emt 00:00:20]} 47. Rb7 {[%clk
00:26:23]} {[%emt 00:00:04]} 1/2-1/2